000 00525nam a22001817a 4500
999 _c29662
_d29662
003 CUTN
005 20190817170959.0
008 190817b ||||| |||| 00| 0 eng d
020 _a9788180941832
041 _aEnglish
082 _223
_a382
_bSEN
100 _aSenthilvelmurugan J.,
245 _aExport and import documentation and procedures
_cJ. Senthilvelmurugan & S. Mahalakshmi.
260 _aChennai :
_bMJP Publishers,
_c2013.
300 _aix, 222 pages ;
_c22cm
700 _aMahalakshmi S
942 _2ddc
_cBOOKS